[Event "OHRA Open"]
[Site "Brussels BEL"]
[Date "1987.??.??"]
[Round "2"]
[White "Bellon Lopez, Juan Manuel"]
[Black "Pergericht, Daniel"]
[Result "1-0"]
[WhiteElo "2380"]
[BlackElo "2360"]
[PlyCount "65"]
[EventDate "1987.12.??"]
[Source "www.chesslib.no"]
[SourceDate "2004.05.04"]

1. d4 d5 2. c4 e5 3. dxe5 d4 4. Nf3 Nc6 5. a3 Bg4 6. Qb3 Rb8 7. Bg5 f6 8. exf6
gxf6 9. Bf4 Nge7 10. Nbd2 Ng6 11. Bg3 Bh6 12. Rd1 O-O 13. h3 Be6 14. e3 Qe7 15.
Be2 Rfd8 16. O-O dxe3 17. fxe3 Bf7 18. Kh1 Bxe3 19. Bd3 Nd4 20. Nxd4 Bxd4 21.
Rde1 Qc5 22. Qc2 Be5 23. Bxe5 fxe5 24. Ne4 Qd4 25. Rxf7 Kxf7 26. Ng5+ Kf6 27.
Nxh7+ Kg7 28. Bxg6 Qf4 29. Qe4 Rd4 30. Qxf4 exf4 31. Bf5 Rh8 32. Re7+ Kh6 33.
Rxc7 1-0

[Event "Rakovica"]
[Site "Belgrade"]
[Date "1982.??.??"]
[Round "?"]
[White "Farago, Ivan"]
[Black "Mestel, A Jonathan"]
[Result "1/2-1/2"]
[WhiteElo "2490"]
[BlackElo "2540"]
[PlyCount "50"]
[EventDate "1982.09.??"]
[Source "ChessBase"]

1. d4 d5 2. c4 e5 3. dxe5 d4 4. Nf3 Nc6 5. a3 Be6 6. e3 dxe3 7. Qxd8+ Rxd8 8.
Bxe3 Nge7 9. Nc3 Ng6 10. Nb5 Rd7 11. Nbd4 Ngxe5 12. Nxe5 Nxe5 13. Nxe6 fxe6 14.
Be2 Nd3+ 15. Bxd3 Rxd3 16. Ke2 Rd8 17. Rhd1 Be7 18. b4 a6 19. Bf4 Bd6 20. Bg5
Be7 21. Rxd8+ Bxd8 22. Bxd8 Kxd8 23. Rd1+ Ke7 24. Ke3 Rf8 25. f4 e5 1/2-1/2

[Event "Surakarta/Denpasar"]
[Site "Surakarta"]
[Date "1982.??.??"]
[Round "6"]
[White "Ardiansyah, Haji"]
[Black "Handoko, Edhi"]
[Result "1-0"]
[WhiteElo "2395"]
[BlackElo "2370"]
[PlyCount "81"]
[EventDate "1982.02.??"]
[Source "ChessBase"]

1. d4 d5 2. c4 e5 3. dxe5 d4 4. Nf3 Nc6 5. a3 Bg4 6. Qb3 Rb8 7. Nbd2 Nge7 8. g3
Ng6 9. Bg2 Qd7 10. O-O Be7 11. e3 d3 12. Qc3 f6 13. e6 Bxe6 14. Nd4 Rd8 15.
Nxe6 Qxe6 16. b4 f5 17. Bb2 Bf6 18. Qb3 Nce5 19. Rfe1 c6 20. Bd4 O-O 21. Bxa7
Rfe8 22. Bb6 Rd7 23. Rad1 Kh8 24. a4 h5 25. Bh3 Ng4 26. Bg2 h4 27. c5 Qxb3 28.
Nxb3 Bc3 29. Rf1 hxg3 30. hxg3 Bxb4 31. a5 N6e5 32. Nd4 g6 33. a6 Rc8 34. axb7
Rxb7 35. Rb1 Bc3 36. Rb3 Bxd4 37. exd4 Nc4 38. Rxd3 Nxb6 39. Rb1 Rcb8 40. Rdb3
Rd7 41. Rb4 1-0

[Event "DDR Ch 27th"]
[Site "Eggesin"]
[Date "1978.??.??"]
[Round "5"]
[White "Heinig, Wolfram"]
[Black "Starck, Bodo"]
[Result "1-0"]
[WhiteElo "2270"]
[BlackElo "2310"]
[PlyCount "51"]
[EventDate "1978.02.10"]
[Source "www.chesslib.no"]
[SourceDate "2004.05.04"]

1. d4 d5 2. c4 e5 3. dxe5 d4 4. Nf3 c5 5. e3 Nc6 6. exd4 cxd4 7. Bd3 Nge7 8.
O-O Ng6 9. h3 Be7 10. Re1 O-O 11. Nbd2 Bb4 12. a3 Bxd2 13. Bxd2 Re8 14. Qc2 Be6
15. b4 Qd7 16. Rad1 Rac8 17. Bc1 b5 18. c5 Bd5 19. Bxg6 Bxf3 20. Bxh7+ Kh8 21.
Qf5 Re6 22. Qxf3 Kxh7 23. Bb2 Kg8 24. Re4 Nxe5 25. Qg3 Nc6 26. Rexd4 1-0